[Event "BL 9293 Stadthagen-Empor Berlin"]
[Site "?"]
[Date "1993.??.??"]
[Round "?.8"]
[White "Heilemann, M."]
[Black "Meissner, HJ."]
[Result "1-0"]
[WhiteElo "2285"]
[BlackElo "2280"]
[PlyCount "97"]
[EventDate "1993.??.??"]

1. d4 Nf6 2. g3 g6 3. Bg2 Bg7 4. e4 d6 5. Ne2 O-O 6. O-O Nbd7 7. c4 c6 8. Nbc3
e5 9. d5 Qc7 10. h3 a6 11. Be3 Re8 12. Rc1 c5 13. Qd2 Rb8 14. a4 Qa5 15. Qc2
Nh5 16. g4 Nhf6 17. b3 h6 18. Ng3 Kh7 19. Qd3 Qd8 20. g5 hxg5 21. Bxg5 Bh6 22.
Bxh6 Kxh6 23. Qe3+ Kg7 24. Rc2 Nh7 25. Nce2 Rh8 26. f4 exf4 27. Nxf4 Ne5 28.
Nd3 Qe7 29. Rcf2 Ng5 30. Nxe5 Qxe5 31. Rf5 Bxf5 32. Nxf5+ gxf5 33. Qxg5+ Kf8
34. Rxf5 Qg7 35. Qf4 Rd8 36. e5 Rg8 37. Qf2 Re8 38. exd6 b6 39. a5 Rd8 40. axb6
Rxd6 41. b7 Ke7 42. Qe3+ Kd7 43. Rg5 Rg6 44. h4 Rxg5 45. hxg5 Qa1+ 46. Kh2 Qa5
47. d6 Rh8+ 48. Kg3 Qd8 49. b8=Q 1-0

[Event "BL 9293 Bayern-München 36"]
[Site "?"]
[Date "1993.??.??"]
[Round "?.1"]
[White "Hertneck, G."]
[Black "Huebner, R."]
[Result "1/2-1/2"]
[WhiteElo "2575"]
[BlackElo "2620"]
[PlyCount "100"]
[EventDate "1993.??.??"]

1. d4 Nf6 2. c4 e6 3. Nc3 Bb4 4. Qc2 O-O 5. Nf3 d6 6. Bg5 Nbd7 7. e3 e5 8.
O-O-O Bxc3 9. Qxc3 Qe7 10. Nd2 Re8 11. Bd3 h6 12. Bh4 Ne4 13. Nxe4 Qxh4 14. Qc2
Qe7 15. Nc3 Nf6 16. f3 c6 17. Kb1 d5 18. cxd5 Nxd5 19. Nxd5 cxd5 20. Qb3 exd4
21. exd4 Be6 22. Ka1 Rac8 23. h4 Rc6 24. Bb1 Rb6 25. Qa4 Bd7 26. Qc2 g6 27. g4
Qe2 28. h5 Qxc2 29. Bxc2 Kg7 30. Bb3 Re2 31. hxg6 fxg6 32. Bxd5 Rbxb2 33. Rb1
Rxb1+ 34. Kxb1 b6 35. Rc1 Kf6 36. Rc7 Be6 37. Bxe6 Rxe6 38. Rxa7 h5 39. Kb2 Kg5
40. Kc3 Re3+ 41. Kd2 Rxf3 42. gxh5 gxh5 43. a4 h4 44. a5 bxa5 45. Rxa5+ Kg4 46.
Ra8 h3 47. Ke2 Rf5 48. Rg8+ Kh4 49. Rh8+ Kg3 50. Rg8+ Kh4 1/2-1/2

[Event "BL 9293 Bayern-München 36"]
[Site "?"]
[Date "1993.??.??"]
[Round "?.4"]
[White "Bischoff, K."]
[Black "Lau, R."]
[Result "1-0"]
[WhiteElo "2505"]
[BlackElo "2530"]
[PlyCount "117"]
[EventDate "1993.??.??"]

1. e4 c5 2. Nf3 d6 3. Nc3 Nc6 4. d4 cxd4 5. Nxd4 Nf6 6. Bc4 Qb6 7. Nb3 e6 8.
Bf4 Ne5 9. Bb5+ Bd7 10. a4 a6 11. Bxd7+ Nfxd7 12. Qe2 Be7 13. O-O O-O 14. a5
Qc7 15. Bc1 Nc4 16. Rd1 Rac8 17. Rd3 Rfe8 18. Rh3 Nf8 19. Ra4 Bf6 20. f4 Qc6
21. Ra1 Rc7 22. Kh1 Rec8 23. Rd3 b5 24. axb6 Qxb6 25. Qf3 Ng6 26. g3 h6 27. Kg2
Qb7 28. Ra2 d5 29. exd5 Nce5 30. fxe5 Nxe5 31. Qe4 Nxd3 32. Na5 Nc5 33. Nxb7
Nxe4 34. Nxe4 exd5 35. Nxf6+ gxf6 36. Nd6 Rxc2+ 37. Kh3 R8c6 38. Bf4 Rb6 39.
Ra5 Rbxb2 40. Kg4 d4 41. Rxa6 Rxh2 42. Ne4 Rb5 43. Nxf6+ Kg7 44. Ne8+ Kf8 45.
Nd6 h5+ 46. Kf3 Rb3+ 47. Ke4 Re2+ 48. Kxd4 Re6 49. Ra7 Kg7 50. Nxf7 Kf6 51. Ne5
Rb4+ 52. Kc5 Rxf4 53. gxf4 Kf5 54. Kd5 Rf6 55. Nd3 h4 56. Rg7 Rh6 57. Rg5+ Kf6
58. Ne5 Rh8 59. Ke4 1-0

[Event "BL 9293 Bayern-München 36"]
[Site "?"]
[Date "1993.??.??"]
[Round "?.5"]
[White "Gruenberg, HU."]
[Black "Kindermann, S."]
[Result "1/2-1/2"]
[WhiteElo "2495"]
[BlackElo "2495"]
[PlyCount "92"]
[EventDate "1993.??.??"]

1. d4 d6 2. Nf3 Bg4 3. e4 Nf6 4. Nc3 e6 5. Be3 Be7 6. Be2 O-O 7. O-O d5 8. h3
Bh5 9. Bd3 dxe4 10. Nxe4 Nxe4 11. Bxe4 c6 12. c3 Nd7 13. Qe2 Qc7 14. Rad1 Rad8
15. Bc2 Nf6 16. Rfe1 c5 17. dxc5 Bxc5 18. Qc4 Rc8 19. Qxc5 Qxc5 20. Bxc5 Rxc5
21. g4 Bg6 22. Bxg6 hxg6 23. Ne5 Rfc8 24. f4 Nd5 25. Rd4 b5 26. Kh2 R5c7 27. f5
gxf5 28. gxf5 Nb6 29. fxe6 fxe6 30. Rd6 b4 31. cxb4 Rc2+ 32. Kg3 Rxb2 33. Nc6
Rc7 34. Rexe6 Rxa2 35. Re4 Rd7 36. Rxd7 Nxd7 37. Re7 Nf6 38. Rxa7 Rb2 39. Rb7
Rb3+ 40. Kg2 Nd5 41. h4 Kh7 42. Rb5 Nf4+ 43. Kf2 Kh6 44. Ne5 g5 45. Nf7+ Kh5
46. hxg5 Rxb4 1/2-1/2

[Event "BL 9293 Bayern-München 36"]
[Site "?"]
[Date "1993.??.??"]
[Round "?.6"]
[White "Boensch, U."]
[Black "Enders, P."]
[Result "1-0"]
[WhiteElo "2490"]
[BlackElo "2490"]
[PlyCount "173"]
[EventDate "1993.??.??"]

1. d4 Nf6 2. c4 e6 3. Nf3 b6 4. a3 c5 5. Nc3 cxd4 6. Nxd4 a6 7. e4 d6 8. Bd3
Bb7 9. O-O Nbd7 10. Re1 Rc8 11. Nf3 h6 12. Bf1 g5 13. Be3 g4 14. Nd2 h5 15. a4
h4 16. a5 Bh6 17. c5 Nxc5 18. Nc4 Ke7 19. Nxb6 Rc7 20. e5 dxe5 21. Qxd8+ Kxd8
22. Bxh6 Rxh6 23. Rxe5 Ke7 24. Rae1 Rh8 25. Ncd5+ Nxd5 26. Nxd5+ Bxd5 27. Rxd5
Rb8 28. Rd4 f5 29. b4 Nb3 30. Rf4 Kf6 31. Bxa6 e5 32. Rc4 Rxc4 33. Bxc4 Nd2 34.
Bf1 Rxb4 35. Ra1 Rb7 36. a6 Ra7 37. Ra2 Ne4 38. Rc2 Ke6 39. f3 gxf3 40. gxf3
Nd6 41. Rc5 e4 42. f4 Kd7 43. Kf2 Ra8 44. Ke3 Rb8 45. Ra5 Kc6 46. a7 Ra8 47.
Kd4 Nc8 48. Rxf5 Nxa7 49. Kxe4 Re8+ 50. Kf3 Rh8 51. Bd3 Nc8 52. Be4+ Kd7 53.
Ra5 Nd6 54. Bd5 Rc8 55. Kg4 Rc2 56. h3 Rf2 57. Ra7+ Ke8 58. Rh7 Rd2 59. Bc6+
Kf8 60. Rxh4 Rd1 61. Rh5 Rg1+ 62. Kf3 Rf1+ 63. Kg3 Ke7 64. Re5+ Kf6 65. Bd7 Rd1
66. Bg4 Rd4 67. Re6+ Kf7 68. Kh4 Ne4 69. Re5 Kf6 70. Rf5+ Kg6 71. Ra5 Kf7 72.
Bf5 Nd6 73. Kg5 Kg7 74. Bg6 Rb4 75. h4 Rb5+ 76. Rxb5 Nxb5 77. f5 Nc7 78. f6+
Kf8 79. Bb1 Ne6+ 80. Kf5 Nd4+ 81. Kg6 Kg8 82. h5 Ne6 83. Ba2 Kh8 84. f7 Nf8+
85. Kf6 Ng6 86. Bb3 Nf8 87. Ke7 1-0

[Event "BL 9293 Bayern-München 36"]
[Site "?"]
[Date "1993.??.??"]
[Round "?.7"]
[White "Volke, K."]
[Black "Schlosser, P."]
[Result "0-1"]
[WhiteElo "2460"]
[BlackElo "2520"]
[PlyCount "178"]
[EventDate "1993.??.??"]

1. d4 Nf6 2. c4 e6 3. Nc3 Bb4 4. e3 O-O 5. Bd3 c5 6. Nf3 d5 7. O-O dxc4 8. Bxc4
Nbd7 9. a3 cxd4 10. exd4 Bxc3 11. bxc3 b6 12. Bd3 Bb7 13. Re1 Rc8 14. Bd2 Nc5
15. Bg5 Nxd3 16. Qxd3 Bxf3 17. Qxf3 Qd5 18. Qe3 Nd7 19. Qg3 f6 20. Bf4 Rc6 21.
Re3 Rf7 22. Qf3 Qxf3 23. Rxf3 Nf8 24. a4 a6 25. Kf1 Ng6 26. Bd2 Rd7 27. Ke2 Kf7
28. Rd3 Ne7 29. Rh3 h6 30. g4 Nd5 31. Rf3 Rdc7 32. Ra3 g5 33. Kd3 Kg6 34. Kc2
f5 35. h3 Nf6 36. gxf5+ exf5 37. Re3 Nd5 38. Re8 Nb4+ 39. Kd1 Nd3 40. Ke2 Nb2
41. Ra2 Nc4 42. Rc2 Kh5 43. Bc1 Nd6 44. Re6 Ne4 45. Rxc6 Rxc6 46. c4 Kh4 47. d5
Rc8 48. Be3 b5 49. axb5 axb5 50. c5 b4 51. c6 b3 52. Rd2 Nc3+ 53. Kf3 b2 54.
Rxb2 Nxd5 55. Bd2 Rxc6 56. Rb5 Rd6 57. Kg2 f4 58. Be1 f3+ 59. Kh2 Nf4 60. Rb4
Rd1 61. Re4 Kh5 62. Ba5 Rf1 63. Bb6 Kg6 64. Ra4 Nd5 65. Bc5 h5 66. Ba7 Kf5 67.
Ra5 Rd1 68. Ra3 g4 69. hxg4+ hxg4 70. Bb8 Rf1 71. Bg3 Rc1 72. Ra5 Rd1 73. Bb8
Rd4 74. Kg3 Rd1 75. Kh2 Ke4 76. Ra4+ Rd4 77. Ra3 Nf6 78. Re3+ Kf5 79. Re5+ Kg6
80. Re6 Kf7 81. Re1 Ne4 82. Ba7 Ra4 83. Be3 Ra5 84. Rc1 Ra2 85. Kg1 g3 86. fxg3
Rg2+ 87. Kf1 Nxg3+ 88. Ke1 Re2+ 89. Kd1 Rxe3 0-1

[Event "BL 9293 Bayern-München 36"]
[Site "?"]
[Date "1993.??.??"]
[Round "?.8"]
[White "Stangl, M."]
[Black "Ruf, M."]
[Result "1/2-1/2"]
[WhiteElo "2505"]
[BlackElo "2425"]
[PlyCount "91"]
[EventDate "1993.??.??"]

1. Nf3 d6 2. d4 Bg4 3. e4 Nf6 4. Bd3 e5 5. c3 Nc6 6. d5 Ne7 7. h3 Bd7 8. c4 c5
9. dxc6 bxc6 10. Nc3 c5 11. O-O Nc6 12. Ne1 Rb8 13. Rb1 Be7 14. f4 Nd4 15. f5
Bc6 16. Be3 h6 17. Nf3 a5 18. Kh2 Rb7 19. Bd2 Qa8 20. Qe1 a4 21. Qg3 Kf8 22.
Qe1 Kg8 23. Kg1 Nd7 24. Nd5 Bxd5 25. exd5 Bf6 26. Bc3 Kh7 27. Nd2 Qd8 28. Ne4
Qe7 29. Qd1 Ra8 30. Bd2 Kg8 31. Qc1 Kf8 32. g4 Ke8 33. Kh1 Rab8 34. Qd1 Ra7 35.
Rg1 Kd8 36. Rg2 Kc7 37. Bc3 Bg5 38. b3 axb3 39. axb3 Ra3 40. b4 Rba8 41. Rgb2
R8a7 42. Qe1 Bh4 43. Qd2 Bg5 44. Qe1 Bh4 45. Qd2 Bg5 46. Qe1 1/2-1/2

[Event "BL 9293 HSK-Delmenhorst"]
[Site "?"]
[Date "1993.??.??"]
[Round "?.1"]
[White "Hausner, I."]
[Black "Wahls, M."]
[Result "0-1"]
[WhiteElo "2480"]
[BlackElo "2525"]
[PlyCount "88"]
[EventDate "1993.??.??"]

1. d4 Nf6 2. c4 e6 3. g3 Bb4+ 4. Bd2 Qe7 5. Bg2 Nc6 6. Nf3 Bxd2+ 7. Nbxd2 d6 8.
e4 a5 9. O-O e5 10. d5 Nb8 11. Qc2 O-O 12. Ne1 c6 13. Nd3 cxd5 14. cxd5 Na6 15.
Nc4 Qc7 16. Rfc1 b5 17. Nd2 Qb6 18. Qc6 Qb8 19. Nb3 a4 20. Na5 Nc5 21. Nxc5
dxc5 22. Qxc5 Rxa5 23. Qb4 Ra7 24. Rc5 Bd7 25. Rac1 Ne8 26. Qc3 b4 27. Qd2 Nd6
28. f4 Re8 29. f5 Qb6 30. Kh1 Rc8 31. Rxc8+ Nxc8 32. h4 b3 33. a3 Rc7 34. Kh2
Nd6 35. Rxc7 Qxc7 36. Qb4 f6 37. g4 h6 38. Kh3 Kf7 39. g5 hxg5 40. hxg5 fxg5
41. Qd2 Kf6 42. Kg4 Nf7 43. Kh5 Qc2 44. Qe3 Qd1+ 0-1

[Event "BL 9293 HSK-Delmenhorst"]
[Site "?"]
[Date "1993.??.??"]
[Round "?.2"]
[White "Ftacnik, L."]
[Black "Pekarek, A."]
[Result "1-0"]
[WhiteElo "2535"]
[BlackElo "2440"]
[PlyCount "79"]
[EventDate "1993.??.??"]

1. d4 g6 2. Nf3 Bg7 3. e4 d6 4. h3 a6 5. Bd3 Nf6 6. O-O O-O 7. Qe2 Nc6 8. e5
Nd7 9. Bf4 Nb6 10. c3 Be6 11. Nbd2 Qd7 12. Ne4 Rae8 13. Rfd1 f6 14. Bg3 Qc8 15.
c4 Bf5 16. c5 Na8 17. cxd6 exd6 18. exf6 Bxf6 19. Nxf6+ Rxf6 20. Bc4+ Kg7 21.
Qd2 Nb6 22. Bb3 Be4 23. Nh2 h5 24. d5 Ne5 25. Qd4 Bf5 26. f4 Ned7 27. Bh4 Re4
28. Qc3 Rxf4 29. Bxf6+ Nxf6 30. Rac1 Nbd7 31. Re1 Qf8 32. Qd2 Re4 33. Rxc7 Qe7
34. Nf3 Rxe1+ 35. Qxe1 Qxe1+ 36. Nxe1 Kh6 37. Rxb7 Nc5 38. Rb6 Nfe4 39. Bc2 Bc8
40. b4 1-0

[Event "BL 9293 HSK-Delmenhorst"]
[Site "?"]
[Date "1993.??.??"]
[Round "?.3"]
[White "Hermann, Man"]
[Black "Brunner, L."]
[Result "1-0"]
[WhiteElo "2400"]
[BlackElo "2455"]
[PlyCount "80"]
[EventDate "1993.??.??"]

1. d4 d5 2. Nf3 Nf6 3. Bg5 Ne4 4. Bf4 c6 5. Nbd2 Qb6 6. Rb1 Nxd2 7. Qxd2 Bf5 8.
Bxb8 e6 9. Bf4 Bb4 10. c3 Bxb1 11. cxb4 Bxa2 12. e3 O-O 13. Bd3 a5 14. Bd6 Rfd8
15. Bc5 Qc7 16. bxa5 Rxa5 17. O-O b6 18. Bb4 Ra7 19. Qc2 h6 20. Rc1 Rc8 21. Ba3
Qb8 22. Ra1 Bc4 23. Bxc4 dxc4 24. Rd1 b5 25. Bc5 Ra6 26. g4 g6 27. Ne5 Kg7 28.
d5 cxd5 29. Qc3 Qc7 30. Nd7+ e5 31. Rxd5 f6 32. Be7 Re8 33. Bxf6+ Rxf6 34. Nxf6
Kxf6 35. Rxb5 Qc6 36. Qb4 Qe4 37. Rb6+ Kg5 38. h3 Kh4 39. Kh2 Qf3 40. Qd2 Rf8 {
Zeit} 1-0

[Event "BL 9293 HSK-Delmenhorst"]
[Site "?"]
[Date "1993.??.??"]
[Round "?.4"]
[White "Maus, So"]
[Black "Schlemermeyer, W."]
[Result "1/2-1/2"]
[WhiteElo "2420"]
[BlackElo "2335"]
[PlyCount "82"]
[EventDate "1993.??.??"]

1. e4 c6 2. Nc3 d5 3. Nf3 dxe4 4. Nxe4 Nf6 5. Nxf6+ gxf6 6. Bc4 Qc7 7. d4 Bg4
8. h3 Bh5 9. Qe2 Nd7 10. Bd2 e6 11. O-O-O O-O-O 12. Kb1 Nb6 13. Bb3 Be7 14. Bh6
f5 15. c4 Bf6 16. Qe3 Bxf3 17. gxf3 Rhe8 18. Rhe1 Qd7 19. Qc1 Kb8 20. Bf4+ Ka8
21. Be3 Qc7 22. f4 Re7 23. Rd2 Red7 24. Red1 Nc8 25. d5 Ne7 26. dxe6 fxe6 27.
Qc2 a6 28. h4 Rxd2 29. Rxd2 Bxh4 30. Rxd8+ Qxd8 31. Qc3 Ng6 32. a3 Bf6 33. Qb4
Bd4 34. c5 Bxe3 35. fxe3 Qd3+ 36. Ka2 Qxe3 37. Qb6 Qxf4 38. Bxe6 Qd4 39. Bc8
Qd5+ 40. Ka1 Qd1+ 41. Ka2 Qd5+ 1/2-1/2

[Event "BL 9293 HSK-Delmenhorst"]
[Site "?"]
[Date "1993.??.??"]
[Round "?.5"]
[White "Breutigam, M."]
[Black "Michaelsen, N."]
[Result "1/2-1/2"]
[WhiteElo "2320"]
[BlackElo "2415"]
[PlyCount "83"]
[EventDate "1993.??.??"]

1. d4 Nf6 2. c4 g6 3. Nc3 d5 4. Nf3 Bg7 5. Bg5 Ne4 6. cxd5 Nxg5 7. Nxg5 O-O 8.
Nf3 c6 9. dxc6 Nxc6 10. e3 e5 11. d5 e4 12. Nxe4 Nb4 13. Nc3 Bf5 14. Rc1 Qa5
15. Bc4 Rac8 16. Nd2 b5 17. Be2 Nxa2 18. Nxa2 Qxa2 19. e4 Rxc1 20. Qxc1 Rc8 21.
Qd1 Qxb2 22. O-O Bd7 23. Bg4 f5 24. exf5 gxf5 25. Bf3 Rc2 26. Nb1 Rc4 27. Qe1
Qb4 28. Qe3 Qc5 29. Qg5 Qf8 30. Nd2 Rc2 31. Nb3 Qf6 32. Qe3 a6 33. Nc5 Qd6 34.
Nxd7 Qxd7 35. Qb6 Bf8 36. Qxa6 Bc5 37. Qf6 Qe7 38. Qxe7 Bxe7 39. Rb1 b4 40. Kf1
Bc5 41. Ke1 Be7 42. Be2 1/2-1/2

[Event "BL 9293 HSK-Delmenhorst"]
[Site "?"]
[Date "1993.??.??"]
[Round "?.6"]
[White "Wegner, H."]
[Black "Meyer, Ho"]
[Result "1-0"]
[WhiteElo "2370"]
[BlackElo "2330"]
[PlyCount "69"]
[EventDate "1993.??.??"]

1. d4 d5 2. c4 e6 3. Nf3 Nf6 4. Bg5 Be7 5. Nc3 h6 6. Bh4 O-O 7. e3 b6 8. Be2
Bb7 9. Bxf6 Bxf6 10. cxd5 exd5 11. b4 c6 12. Qb3 Qd6 13. O-O Nd7 14. Rad1 Rfe8
15. Rfe1 a6 16. Bd3 Be7 17. a3 a5 18. e4 axb4 19. e5 Qe6 20. axb4 Ra7 21. Ra1
Rea8 22. Rxa7 Rxa7 23. Qb1 g6 24. h3 Nf8 25. Ne2 Ba6 26. Bxa6 Rxa6 27. Nf4 Qf5
28. Qxf5 gxf5 29. b5 cxb5 30. Nxd5 Bd8 31. Rb1 Ne6 32. Ne3 f4 33. Nf5 Nc7 34.
d5 Nxd5 35. Rd1 1-0

[Event "BL 9293 HSK-Delmenhorst"]
[Site "?"]
[Date "1993.??.??"]
[Round "?.7"]
[White "Wesseln, K."]
[Black "Heinemann, T."]
[Result "1/2-1/2"]
[WhiteElo "2340"]
[BlackElo "2390"]
[PlyCount "102"]
[EventDate "1993.??.??"]

1. d4 Nf6 2. c4 c5 3. d5 b5 4. cxb5 a6 5. bxa6 g6 6. Nc3 Bxa6 7. g3 d6 8. Bg2
Nbd7 9. Nf3 Bg7 10. O-O Nb6 11. Re1 O-O 12. Bf4 Ne8 13. Nd2 Nc7 14. Qc2 Ra7 15.
Rad1 Qa8 16. e4 Nb5 17. Nxb5 Bxb5 18. e5 Nc8 19. a3 Rb7 20. b3 dxe5 21. Bxe5
Bxe5 22. Rxe5 Qxa3 23. d6 exd6 24. Ree1 Re7 25. Ne4 f6 26. Nc3 Rxe1+ 27. Rxe1
Re8 28. Ne4 Re6 29. Rd1 Qa6 30. Qc3 Kf7 31. Ra1 Qb6 32. Ng5+ fxg5 33. Bd5 Bd7
34. Qh8 Ke7 35. Bxe6 Bxe6 36. Re1 Kd7 37. Rxe6 Kxe6 38. Qxc8+ Ke7 39. Qg8 Kf6
40. Qf8+ Ke6 41. Qg8+ Kf5 42. Qf7+ Ke5 43. Qe7+ Kd4 44. Qe3+ Kd5 45. Qxg5+ Kc6
46. Qe3 Kb5 47. Qe4 Qc6 48. Qc4+ Kb6 49. b4 Qb5 50. bxc5+ dxc5 51. Qe6+ Qc6
1/2-1/2

[Event "BL 9293 HSK-Delmenhorst"]
[Site "?"]
[Date "1993.??.??"]
[Round "?.8"]
[White "Bach, M."]
[Black "Ditt, E."]
[Result "1-0"]
[WhiteElo "2315"]
[BlackElo "2295"]
[PlyCount "65"]
[EventDate "1993.??.??"]

1. d4 g6 2. c4 f5 3. Nf3 Bg7 4. g3 Nf6 5. Bg2 O-O 6. O-O d6 7. Nc3 c6 8. b3 a5
9. Bb2 Na6 10. d5 Nc5 11. dxc6 bxc6 12. Nd4 Bb7 13. Nxc6 Qd7 14. Nd4 Bxg2 15.
Kxg2 a4 16. Rb1 f4 17. Ndb5 axb3 18. axb3 fxg3 19. hxg3 Ng4 20. Kg1 Rf5 21. Nd5
Bxb2 22. Rxb2 Raf8 23. e3 Nh2 24. Kxh2 Rh5+ 25. Kg1 Qh3 26. Nxe7+ Kg7 27. Qd4+
Rf6 28. f4 Ne6 29. Qe4 Qxg3+ 30. Rg2 Qh4 31. Nxd6 Ng5 32. Nef5+ gxf5 33. Nxf5+
1-0

[Event "BL 9293 Porz-Koblenz"]
[Site "?"]
[Date "1993.??.??"]
[Round "?.1"]
[White "Seul, G."]
[Black "Lutz, C."]
[Result "1/2-1/2"]
[WhiteElo "2415"]
[BlackElo "2550"]
[PlyCount "83"]
[EventDate "1993.??.??"]

1. c4 e5 2. Nc3 Nf6 3. Nf3 Nc6 4. a3 g6 5. g3 Bg7 6. Bg2 O-O 7. O-O d6 8. d3 h6
9. Rb1 Be6 10. b4 Qd7 11. b5 Nd8 12. a4 Bh3 13. Nd5 Bxg2 14. Kxg2 Ne8 15. Qb3
Ne6 16. Ba3 Kh7 17. Rbc1 f5 18. Qc2 c6 19. Nc3 Nd4 20. Qd1 Nxf3 21. Kxf3 Nc7
22. Kg2 Rf7 23. bxc6 bxc6 24. a5 Ne6 25. Qa4 Rb8 26. a6 Nc7 27. Rb1 Rxb1 28.
Nxb1 c5 29. Qxd7 Rxd7 30. Nc3 Nxa6 31. Rb1 Kg8 32. Nd5 Kf7 33. Rb3 Bf6 34. Rb5
Bd8 35. Bc1 h5 36. f4 exf4 37. Bxf4 Ke8 38. h4 Nc7 39. Rb8 Nxd5 40. cxd5 Kf7
41. Rc8 Be7 42. Kf3 1/2-1/2

[Event "BL 9293 Porz-Koblenz"]
[Site "?"]
[Date "1993.??.??"]
[Round "?.2"]
[White "Christiansen, L."]
[Black "Fritsche, L."]
[Result "1-0"]
[WhiteElo "2620"]
[BlackElo "2390"]
[PlyCount "71"]
[EventDate "1993.??.??"]

1. d4 Nf6 2. c4 g6 3. Nc3 Bg7 4. e4 d6 5. f3 c6 6. Bg5 a6 7. Bd3 b5 8. Nge2
Nbd7 9. O-O bxc4 10. Bxc4 O-O 11. Kh1 a5 12. Qd2 Nb6 13. Bd3 Be6 14. Bh6 Nc4
15. Bxc4 Bxc4 16. Rfe1 a4 17. Ng3 Qa5 18. e5 Nd5 19. Rac1 Rab8 20. Nxd5 Qxd5
21. Bxg7 Kxg7 22. Qg5 f6 23. exf6+ exf6 24. Re7+ Rf7 25. Rxf7+ Kxf7 26. Qh6 Kg8
27. Qf4 Kg7 28. Re1 Rb7 29. a3 Bd3 30. h4 c5 31. dxc5 dxc5 32. Qxa4 Qd6 33. Kh2
Rxb2 34. Qa7+ Kh6 35. Qf7 Rb8 36. Re7 1-0

[Event "BL 9293 Porz-Koblenz"]
[Site "?"]
[Date "1993.??.??"]
[Round "?.3"]
[White "Reschke, S."]
[Black "Hort, V."]
[Result "1/2-1/2"]
[WhiteElo "2335"]
[BlackElo "2545"]
[PlyCount "76"]
[EventDate "1993.??.??"]

1. Nf3 d5 2. c4 d4 3. e3 Nc6 4. exd4 Nxd4 5. Nxd4 Qxd4 6. Nc3 e5 7. d3 Ne7 8.
Be3 Qd8 9. g3 Nf5 10. Bg2 c6 11. Qd2 Be7 12. O-O O-O 13. Rab1 Nd4 14. f4 exf4
15. Bxf4 Bf5 16. Ne4 Ne6 17. Be3 Bxe4 18. Bxe4 Bc5 19. b4 Bxe3+ 20. Qxe3 a6 21.
a4 Qd4 22. Qxd4 Nxd4 23. Rfe1 f5 24. Bg2 Rfe8 25. Kf2 Kf7 26. Rxe8 Rxe8 27. Bf3
Kf6 28. Rb2 g5 29. b5 axb5 30. axb5 g4 31. Bg2 h5 32. h4 Re6 33. bxc6 bxc6 34.
Ra2 Re5 35. Bh1 Ke6 36. Bg2 Kd6 37. Bf1 Re8 38. Ra7 Re7 1/2-1/2

[Event "BL 9293 Porz-Koblenz"]
[Site "?"]
[Date "1993.??.??"]
[Round "?.4"]
[White "Vaganian, R."]
[Black "Schlick, V."]
[Result "1-0"]
[WhiteElo "2615"]
[BlackElo "2305"]
[PlyCount "65"]
[EventDate "1993.??.??"]

1. Nf3 c5 2. c4 g6 3. d4 cxd4 4. Nxd4 Nc6 5. e4 Bg7 6. Be3 Nf6 7. Nc3 Ng4 8.
Qxg4 Nxd4 9. Qd1 Ne6 10. Rc1 b6 11. Bd3 Bb7 12. O-O O-O 13. Bb1 Rc8 14. b3 d6
15. Nd5 Nc5 16. Bg5 f6 17. Bh4 Rf7 18. f4 e6 19. Nc3 Bf8 20. f5 gxf5 21. exf5
Rg7 22. Rf2 e5 23. b4 Nd7 24. Be4 Bxe4 25. Nxe4 Qe7 26. Rd2 Qf7 27. Rxd6 Bxd6
28. Nxd6 Qf8 29. Qd5+ Kh8 30. Nxc8 Qxc8 31. c5 bxc5 32. bxc5 Qb8 33. c6 1-0

[Event "BL 9293 Porz-Koblenz"]
[Site "?"]
[Date "1993.??.??"]
[Round "?.5"]
[White "Wolf, V."]
[Black "Hickl, J."]
[Result "0-1"]
[WhiteElo "2320"]
[BlackElo "2540"]
[PlyCount "64"]
[EventDate "1993.??.??"]

1. e4 g6 2. d4 d6 3. Nc3 c6 4. a4 Bg7 5. Nge2 Nf6 6. g3 O-O 7. Bg2 e5 8. h3 Na6
9. O-O Nb4 10. Be3 exd4 11. Bxd4 Re8 12. Nf4 b6 13. Re1 Bb7 14. Nb1 Na6 15. Nd2
Nc7 16. Ra3 Ne6 17. Nxe6 Rxe6 18. a5 Rb8 19. axb6 axb6 20. Ra7 c5 21. Bc3 Bc6
22. Qa1 Qe8 23. b4 d5 24. bxc5 bxc5 25. Nb3 d4 26. Ba5 Nxe4 27. Bxe4 Rxe4 28.
Nxc5 Re5 29. Nd3 Re2 30. Kh2 Qe4 31. Rg1 Rxc2 32. Qd1 Qxd3 0-1

[Event "BL 9293 Porz-Koblenz"]
[Site "?"]
[Date "1993.??.??"]
[Round "?.6"]
[White "Knaak, R."]
[Black "Zimmer, R."]
[Result "1-0"]
[WhiteElo "2515"]
[BlackElo "2260"]
[PlyCount "81"]
[EventDate "1993.??.??"]

1. d4 Nf6 2. c4 c5 3. d5 b5 4. cxb5 a6 5. b6 e6 6. Nc3 Nxd5 7. Nxd5 exd5 8.
Qxd5 Nc6 9. e4 Be7 10. Bc4 O-O 11. Nf3 Rb8 12. O-O Rxb6 13. Qd3 Nb4 14. Qe2 Bb7
15. Bd2 Bf6 16. a3 Nc6 17. Bc3 Bxc3 18. bxc3 Na5 19. Ba2 Qe7 20. Rfe1 Re8 21.
Qe3 h6 22. Rad1 Rb2 23. Bd5 Bxd5 24. Rxd5 Nc4 25. Qd3 Nxa3 26. Rxd7 Qe6 27. Rd6
Qa2 28. Rf1 Nb5 29. Rc6 Qa3 30. Qd7 Rf8 31. Ne5 Qb3 32. Rc8 Rxc8 33. Qxc8+ Kh7
34. Qf5+ g6 35. Qf3 Nxc3 36. Re1 Rb1 37. Kf1 Rxe1+ 38. Kxe1 Qb1+ 39. Kd2 Qb2+
40. Kd3 Nb5 41. Qxf7+ 1-0

[Event "BL 9293 Solingen-Dortmund"]
[Site "?"]
[Date "1993.??.??"]
[Round "?.1"]
[White "Dolmatov, S."]
[Black "Chandler, M."]
[Result "1/2-1/2"]
[WhiteElo "2615"]
[BlackElo "2555"]
[PlyCount "47"]
[EventDate "1993.??.??"]

1. e4 e6 2. d4 d5 3. Nc3 Nf6 4. Bg5 dxe4 5. Nxe4 Nbd7 6. Nxf6+ Nxf6 7. Nf3 h6
8. Bh4 c5 9. Bb5+ Bd7 10. Bxd7+ Qxd7 11. Qe2 Be7 12. O-O-O O-O 13. dxc5 Qa4 14.
Kb1 Rfd8 15. Bxf6 Bxf6 16. Ne5 Qf4 17. Rxd8+ Rxd8 18. Nd3 Qc4 19. Re1 Qb5 20.
f4 a5 21. a3 a4 22. Kc1 Qc4 23. Qf3 Rd5 24. Re4 1/2-1/2

[Event "BL 9293 Solingen-Dortmund"]
[Site "?"]
[Date "1993.??.??"]
[Round "?.2"]
[White "Podzielny, KH."]
[Black "Schmittdiel, E."]
[Result "0-1"]
[WhiteElo "2450"]
[BlackElo "2450"]
[PlyCount "98"]
[EventDate "1993.??.??"]

1. Nf3 e6 2. g3 f5 3. Bg2 Nf6 4. O-O d5 5. d3 Bc5 6. c4 O-O 7. Qc2 d4 8. Nbd2
Nc6 9. a3 a5 10. Nb3 Be7 11. e3 dxe3 12. Bxe3 e5 13. Rae1 a4 14. Nc1 Ng4 15.
Bd2 Bc5 16. h3 Nxf2 17. Rxf2 Bxf2+ 18. Kxf2 Nd4 19. Nxd4 Qxd4+ 20. Be3 Qd6 21.
c5 Qf6 22. Kg1 f4 23. Rf1 Qg6 24. gxf4 Bxh3 25. Qc4+ Rf7 26. Qe4 Ra6 27. Ne2
Bxg2 28. Qxg2 Qxd3 29. Qf3 Rg6+ 30. Kf2 Rgf6 31. Rg1 exf4 32. Bd4 Qxf3+ 33.
Kxf3 Rg6 34. Rxg6 hxg6 35. c6 bxc6 36. Nc3 g5 37. Nxa4 Rd7 38. Bc3 Rd5 39. Be1
Kf7 40. Nc3 Rf5 41. Ne4 Kg6 42. a4 Rd5 43. Nf2 Re5 44. Bd2 Kf5 45. a5 c5 46.
Ng4 Re8 47. Bc3 Rh8 48. Nf2 g4+ 49. Kg2 g3 0-1

[Event "BL 9293 Solingen-Dortmund"]
[Site "?"]
[Date "1993.??.??"]
[Round "?.3"]
[White "Heyken, E."]
[Black "Zysk, R."]
[Result "0-1"]
[WhiteElo "2375"]
[BlackElo "2440"]
[PlyCount "84"]
[EventDate "1993.??.??"]

1. e4 e6 2. d4 d5 3. Nc3 Nf6 4. e5 Nfd7 5. Nce2 c5 6. c3 Nc6 7. f4 Qb6 8. Nf3
cxd4 9. Nexd4 Nc5 10. Qc2 Bd7 11. Be3 Nxd4 12. Bxd4 a5 13. Be2 Be7 14. O-O Qc7
15. Rae1 Rc8 16. Kh1 b5 17. Qd2 O-O 18. Qe3 Qb7 19. Nd2 b4 20. cxb4 axb4 21.
Rc1 Ne4 22. Nxe4 dxe4 23. Rxc8 Rxc8 24. Rc1 Ra8 25. Bc4 Bc6 26. Bb3 h6 27. Bc5
Bxc5 28. Qxc5 Bd5 29. Bxd5 Qxd5 30. Qxb4 Rxa2 31. Qc3 Ra4 32. h3 Rd4 33. Re1
Rd3 34. Qc8+ Kh7 35. Qc2 g6 36. Qa4 Rd4 37. Qe8 Kg7 38. Rc1 Rd1+ 39. Rxd1 Qxd1+
40. Kh2 Qd2 41. Qc6 Qxf4+ 42. Kg1 Qd2 0-1

[Event "BL 9293 Solingen-Dortmund"]
[Site "?"]
[Date "1993.??.??"]
[Round "?.4"]
[White "Reeh, O."]
[Black "Smagin, S."]
[Result "0-1"]
[WhiteElo "2435"]
[BlackElo "2520"]
[PlyCount "142"]
[EventDate "1993.??.??"]

1. d4 Nf6 2. c4 g6 3. Nc3 Bg7 4. e4 d6 5. f3 O-O 6. Be3 e5 7. Nge2 c6 8. Qd2
Nbd7 9. O-O-O a6 10. Kb1 b5 11. Nc1 exd4 12. Bxd4 Re8 13. Nb3 Bf8 14. c5 dxc5
15. Bxc5 Bg7 16. g4 a5 17. g5 a4 18. Nc1 Nd5 19. Bd4 Bxd4 20. Qxd4 N5b6 21. h4
Qe7 22. a3 Bb7 23. Qd6 Qxd6 24. Rxd6 Ne5 25. Be2 Nbc4 26. Bxc4 Nxc4 27. Rdd1
Rad8 28. Rh2 Bc8 29. Re2 Be6 30. Nd3 h5 31. Nc5 Rxd1+ 32. Nxd1 Rd8 33. Kc1 Kf8
34. Ne3 Ne5 35. f4 Nd3+ 36. Nxd3 Rxd3 37. Kc2 Rd4 38. Nf1 Bc4 39. Re1 Bxf1 40.
Rxf1 Rxe4 41. Kd3 Rc4 42. Rf2 Ke7 43. Re2+ Kd6 44. Ke3 c5 45. Rd2+ Ke6 46. Kf3
b4 47. axb4 cxb4 48. Rd8 Rc2 49. Ra8 Rxb2 50. Rxa4 Rb1 51. Ra6+ Kd5 52. Rb6
Rb3+ 53. Kg2 Rb2+ 54. Kf3 Rb3+ 55. Kg2 Ke4 56. Rf6 Rb2+ 57. Kg3 Rb3+ 58. Kg2
Rf3 59. Rxf7 Rxf4 60. Rf6 Rxh4 61. Rxg6 Rg4+ 62. Kh3 Kf5 63. Rb6 Kxg5 64. Rb5+
Kg6 65. Rb6+ Kf5 66. Rb5+ Ke6 67. Rxh5 Re4 68. Rb5 Kd6 69. Kg3 Kc6 70. Rb8 Kc5
71. Kf3 Re7 0-1